| 000 | 00464nam a2200169 4500 | ||
|---|---|---|---|
| 001 | 132357 | ||
| 003 | ES-MaACL | ||
| 005 | 20240531062944.0 | ||
| 007 | t| | ||
| 008 | 070214s1955 sp r ||||1| spa d | ||
| 100 | 1 |
_aRomero Pérez, Luis, _d1916-2009 _999338 |
|
| 245 | 1 | 4 |
_aLas viejas voces / _cLuis Romero. |
| 260 |
_aBarcelona : _bExito, _c1955. |
||
| 300 |
_a274 p. ; _c20 cm. |
||
| 852 |
_aES-MaACL _jC-9669 _bR.37346 |
||
| 999 |
_c132357 _d132357 |
||